Online
Catalog

Compendio de las vías de ejecución / (Record no. 40638)

MARC details
000 -CABECERA
campo de control de longitud fija 00645nam a2200181 u 4500
001 - NÚMERO DE CONTROL
campo de control 000041148
005 - FECHA Y HORA DE LA ÚLTIMA TRANSACCIÓN
campo de control 20201002034646.0
008 - DATOS DE LONGITUD FIJA--INFORMACIÓN GENERAL
campo de control de longitud fija 090727s2006 dr r 000 0 spa d
040 ## - FUENTE DE LA CATALOGACIÓN
Centro catalogador/agencia de origen DO-SdBNP
Lengua de catalogación spa
Centro/agencia transcriptor BNPHU
082 ## - NÚMERO DE LA CLASIFICACIÓN DECIMAL DEWEY
Número de clasificación xxx
Número de documento/Ítem Y53c
100 1# - ENTRADA PRINCIPAL--NOMBRE DE PERSONA
Nombre de persona Ynoa Jaime, Máximo de Js.
Fechas asociadas al nombre 1967-
9 (RLIN) 67691
245 10 - MENCIÓN DE TÍTULO
Título Compendio de las vías de ejecución /
Mención de responsabilidad, etc. Máximo de Js. Ynoa Jaime; prólogo Luís José Bourget.
260 ## - PUBLICACIÓN, DISTRIBUCIÓN, ETC.
Lugar de publicación, distribución, etc. Santo Domingo :
Nombre del editor, distribuidor, etc. Cumbre,
Fecha de publicación, distribución, etc. 2006.
300 ## - DESCRIPCIÓN FÍSICA
Extensión 211 p. : ;
Dimensiones 21 cm.
500 ## - NOTA GENERAL
Nota general Incluye datos bibliográficos del autor en la contraportada
504 ## - NOTA DE BIBLIOGRAFÍA, ETC.
Nota de bibliografía, etc. Bibliografía p: 209 - 211
700 1# - PUNTO DE ACCESO ADICIONAL--NOMBRE DE PERSONA
Nombre de persona Bourget, Luís José
Término indicativo de función/relación prol.
9 (RLIN) 13927
Holdings
Estado de retiro Estado de pérdida No para préstamo Código de colección Localización permanente Ubicación/localización actual Ubicación en estantería Fecha de adquisición Número de inventario Total de préstamos Signatura topográfica completa Código de barras Fecha visto por última vez Precio válido a partir de Tipo de ítem Koha Número de copia
    Excluido de préstamo Patrimonio Dominicano Patrimonio Dominicano Patrimonio Dominicano En catalogación 20.09.2013 LF1   xxx Y53c 41148-10 25.06.2020 25.06.2020 Libro y Folleto Colección Patrimonio Dominicano  
    Excluido de préstamo Patrimonio Dominicano Patrimonio Dominicano Patrimonio Dominicano En catalogación 20.09.2013 LF1   xxx Y53c 41148-20 25.06.2020 25.06.2020 Libro y Folleto Colección Patrimonio Dominicano e. 2
    Excluido de préstamo Dominicana de Servicio Patrimonio Dominicano Patrimonio Dominicano En catalogación 20.09.2013 LF1   xxx Y53c 41148-30 25.06.2020 25.06.2020 Libro y Folleto Colección Dominicana de Servicio e. 3
    Excluido de préstamo Dominicana de Servicio Patrimonio Dominicano Patrimonio Dominicano En catalogación 20.09.2013 LF1   xxx Y53c 41148-40 25.06.2020 25.06.2020 Libro y Folleto Colección Dominicana de Servicio e. 4
    Excluido de préstamo Dominicana de Servicio Patrimonio Dominicano Patrimonio Dominicano En catalogación 20.09.2013 LF1   xxx Y53c 41148-50 25.06.2020 25.06.2020 Libro y Folleto Colección Dominicana de Servicio e. 5

Powered by Koha